000
00481nam a2200133Ia 4500
008
100328s9999 xx 000 0 und d
082
_b
14441
100
_a
वाळिबे वि.स.
245
_a
इंदिरा गांधींचे साथीदार
260
_b
स्मिता
630
_a
इंदिरा गांधींचे साथीदार
730
_a
इंदिरा गांधींचे साथीदार
942
_c
BOOK
999
_c
509409
_d
509406